000 00540nam a2200205Ia 4500
003 OSt
005 20240301062532.0
008 210324s9999||||xx |||||||||||||| ||und||
040 _cSTCPL
041 _aENG
082 _a824.09
_bWAL-M
245 0 _aModern american fiction :
_bEssays in criticism /
_cedited by A. Walton Litz
260 _aNew York :
_bA Galaxy Book ,
_c1963.
300 _a365 p.
_bPB
650 _aEnglish literature
650 _aEssay criticism
700 _aLitz, A. Walton (ed.)
942 _cBK
942 _2ddc
999 _c12088
_d12088